000 00397nam a22001697a 4500
005 20160628153520.0
008 160628b xxu||||| |||| 00| 0 eng d
020 _a81-203-2118-9
041 _aeng
082 _b10942
100 _aHanhe, John E and others
_93105
245 _aBusiness forcasting
260 _aBusiness forcasting
300 _a454
650 _aManagement
_9241
942 _cBK
999 _c4521
_d4520